01240nam a2200325 a 4500001001000000003000900010005001700019007001000036008004100046040002200087082001800109245007500127260006000202300003600262490002300298650001000321650001500331650002100346650002600367700002400393830002300417910003700440942001200477945002700489952011200516952011800628952011400746956003900860999001500899000013707DO-SdBNP20180222134024.0000013707091127s20uu dr ac 000 0 spa d aBPMSUbspacBPMSU 4a808.88bP699v00aPlan de vida y otros textos inolvidables /cilustraciones Weber Olmos. aSanto Domingo :bSusaeta Ediciones Dominicanas.c[200?] a200 p. :bil., retrs. ;c21 cm.1 aBiblioteca Susaeta 4aPROSA 4aLITERATURA 4aPROSA DOMINICANA 4aLITERATURA DOMINICANA1 aOlmos, Weber,eil., 0aBiblioteca Susaeta aValidado. Control de calidad EMS 2ddccBK aInventariado, 2017/MFF 00102ddc40708CDaBPMETbBPMETd2015-04-23l0o808.88 P699vpBPMSU15040376r2015-04-23w2015-04-23yBK 00102ddc40708CDaBPMETbBPMETd2015-04-23l0o808.88 P699vpBPMSU15040377r2015-04-23te. 2w2015-04-23yBK 00102ddc4070aBPMETbBPMETd2015-04-23l0o808.88 P699vpBPMSU15040378r2015-04-23te. 3w2015-04-23yBK aVMATEOb10c20150423lBPMSUh00151 c7676d7676